| 000 | 00375nam a2200133 a 4500 | ||
|---|---|---|---|
| 005 | 20140408090007.0 | ||
| 008 | 021022s19uu xx 00 eng d | ||
| 050 |
_aPGS '98 _bDEL #11 |
||
| 050 |
_aPGS '98 _bDEL #11 |
||
| 050 |
_aPGS '98 _bDEL #11 |
||
| 100 | _aDel Rosario, Kris Martin L | ||
| 245 | _aHow does the internet help the third year students of SIS. | ||
| 942 | _cPASS | ||
| 999 |
_c96118 _d96118 |
||